Highest Grossing Movies by Year - Statistics

General Stats
  • This quiz has been taken 974 times
  • The average score is 18 of 96
Answer Stats
Hint Answer % Correct
1997 Titanic
87%
2009 Avatar
83%
1977 Star Wars
72%
2012 The Avengers
71%
1939 Gone with the Wind
67%
2008 The Dark Knight
58%
1972 The Godfather
53%
1975 Jaws
49%
1982 E.T. the Extra-Terrestrial
48%
1983 Return of the Jedi
47%
1993 Jurassic Park
43%
1994 The Lion King
43%
1981 Indiana Jones: Raiders of the Lost Ark
39%
2010 Toy Story 3
39%
1965 The Sound of Music
38%
2003 The Lord of the Rings: The Return of the King
37%
1959 Ben-Hur
35%
1937 Snow White and the Seven Dwarfs
34%
2002 The Lord of the Rings: The Two Towers
33%
1999 Star Wars: The Phantom Menace
32%
1984 Indiana Jones and the Temple of Doom
31%
1989 Indiana Jones and the Last Crusade
29%
1976 Rocky
29%
1991 Terminator 2: Judgment Day
28%
2004 Shrek 2
27%
1985 Back to the Future
26%
1980 Star Wars: The Empire Strikes Back
26%
1986 Top Gun
25%
1992 Aladdin
24%
1990 Ghost
24%
1978 Grease
24%
1996 Independence Day
24%
2001 Harry Potter and the Philosopher's Stone
23%
1973 The Exorcist
23%
1950 Cinderella
21%
1956 The Ten Commandments
20%
2005 Harry Potter and the Goblet of Fire
18%
2006 Pirates of the Caribbean: Dead Man's Chest
18%
1988 Rain Man
18%
1963 Cleopatra
17%
2011 Harry Potter and the Deathly Hallows – Part 2
17%
1998 Armageddon
16%
1942 Bambi
16%
1962 Lawrence of Arabia
16%
2007 Pirates of the Caribbean: At World's End
15%
1964 Goldfinger
13%
1940 Pinocchio
13%
1934 King Kong
12%
1967 The Jungle Book
12%
1927 Wings
12%
1969 Butch Cassidy and the Sundance Kid
11%
1979 Kramer vs Kramer
10%
1922 Robin Hood
10%
1968 2001: A Space Odyssey
9%
1955 Lady and the Tramp
9%
1970 Love Story
9%
1953 Peter Pan
9%
1974 The Towering Inferno
9%
1987 Fatal Attraction
8%
1960 Spartacus
8%
1957 The Bridge on the River Kwai
8%
1931 Frankenstein
7%
1961 One Hundred and One Dalmatians
7%
1995 Die Hard with a Vengeance
6%
1915 The Birth of a Nation
6%
2000 Mission: Impossible II
5%
1952 The Greatest Show on Earth
5%
1971 Diamonds Are Forever
4%
1944 Going My Way
4%
1918 Mickey
4%
1958 South Pacific
4%
1954 White Christmas
4%
1945 Mom and Dad
3%
1935 Mutiny on the Bounty
3%
1951 Quo Vadis
3%
1949 Samson and Delilah
3%
1941 Sergeant York
3%
1925 The Big Parade
3%
1920 Way Down East
3%
1916 20,000 Leagues Under the Sea
2%
1947 Forever Amber
2%
1946 The Bells of St. Mary's
2%
1929 The Broadway Melody
2%
1923 The Covered Wagon
2%
1921 The Four Horsemen of the Apocalypse
2%
1919 The Miracle Man
2%
1948 The Red Shoes
2%
1924 The Sea Hawk
2%
1928 The Singing Fool
2%
1943 This Is the Army
2%
1930 Tom Sawyer
2%
1938 You Can't Take It With You
2%
1926 Aloma of the South Seas
1%
1936 How to Be a Detective
1%
1932 Shanghai Express
1%
1966 The Bible: In the Beginning
1%
No matching quizzes found
Score Distribution
Percent of People with Each Score
Percentile by Number Answered
Your Score History
You have not taken this quiz